كتاب لسان غصن لبنان في انتقاد العربية العصرية / Kitāb Lisān ghuṣn Lubnān fī intiqād al-ʻArabīyah al-ʻaṣrīyah
Saved in:
Main Author:
Format: Book
Language: Undetermined
Published:
Lebanon
Ottoman press
1981
Tags: Add Tag
No Tags, Be the first to tag this record!
Call Number: (R)P31 SHUQA
| LEADER | 00605nam a2200133Ia 4500 | ||
|---|---|---|---|
| 008 | 240404s9999||||xx |||||||||||||| ||und|| | ||
| 050 | 4 | |a (R)P31 SHUQA | |
| 100 | 1 | |a Shākir Shuqayr. | |
| 245 | 1 | 0 | |a كتاب لسان غصن لبنان في انتقاد العربية العصرية / Kitāb Lisān ghuṣn Lubnān fī intiqād al-ʻArabīyah al-ʻaṣrīyah |c Shākir Shuqayr |
| 264 | 1 | |a Lebanon |b Ottoman press |c 1981 | |
| 300 | |a 70 |c 24 | ||
| 500 | |a With: Dhakhīrat al-mutaʼaddib / taʼlīf Idwār Murquṣ. [Latakia] : I. Murquṣ, 1930. Bound together subsequent to publication | ||
| 942 | |2 lcc |c BK | ||
| 999 | |c 58051 |d 58051 | ||
